00417nam a2200157Ia 4500001000500000005001700005008004100022041000800063082001800071100003100089245008800120260000900208300002600217650000800243654000800251929220260306161708.0260306t2014||||xx |||||||||||||| ||spa|| aESP a378.071bT47S aThivierge, Guy-RéaleAUT 0aLas culturas de los jóvenes en las universidades católicas:bun estudio mundial c2014 as.páginas :c24 cm. aGEN aCED